Jewels of the kingdom : the heritage of Jordan /

محفوظ في:

المؤلف الرئيسي: Vine, Peter (مؤلف)

التنسيق: كتاب

اللغة: English

منشور في: London : Immel, 1987.

الموضوعات:

الوسوم: إضافة وسم

لا توجد وسوم, كن أول من يضع وسما على هذه التسجيلة!

رقم الطلب: DS154 .V55 1987

LEADER 00858namaa2200253 4500
001 12926
003 OSt
005 20241029080643.0
008 130303s1987 enkab b 001 0 eng d
952 |0 0  |1 0  |2 lcc  |4 0  |6 DS0154 V55 01987  |7 1  |9 12274  |a ARCE  |b ARCE  |d 2021-05-10  |l 0  |o DS154 .V55 1987  |p 1008594  |r 2021-05-10 00:00:00  |w 2021-05-10  |y BK 
999 |c 11489  |d 11489 
010 |a 88114578 
020 |a 0907151299 
040 |c ARCE Library 
043 |a a-jo--- 
050 4 |a DS154 .V55 1987 
100 1 |a Vine, Peter,  |e author  |9 41696 
245 1 0 |a Jewels of the kingdom :   |b the heritage of Jordan /   |c Peter Vine. 
264 1 |a London :   |b Immel,   |c 1987. 
300 |a 159 pages :  |b illustrations (some color), maps ;   |c 30 cm. 
504 |a Includes bibliographical references (pages 156-157) and index. 
651 0 |a Jordan  |x History.  
901 |a reviewed 
942 |c BK  |2 lcc